Evolución de la agricultura familiar en Chile en el período 1997-2007

Kaydedildi:
Detaylı Bibliyografya
Asıl Yazarlar: Echenique Larraín, Jorge (Yazar), Romero, Lorena (Yazar)
Materyal Türü: Kitap
Dil:İspanyolca
Baskı/Yayın Bilgisi: Santiago Organización de las Naciones Unidas para la Agricultura y la Alimentación 2009
Konular:
Etiketler: Etiketle
Etiket eklenmemiş, İlk siz ekleyin!

MARC

LEADER 00000nam a2200000 a 4500
001 UCG5377
003 CL-VaPUC
005 20230427095211.0
008 110303e20090000CL |||||||||||||||||spa|d
999 |c 343905  |d 343903 
020 |a 9789253062430 
040 |c Pontificia Universidad Católica de Valparaíso 
082 0 4 |a 305.563  |b ECH  |2 21 
100 |a Echenique Larraín, Jorge  |e author  |9 555029 
245 1 0 |a Evolución de la agricultura familiar en Chile en el período 1997-2007 
260 |a Santiago  |b Organización de las Naciones Unidas para la Agricultura y la Alimentación  |c 2009 
300 |a 122 p 
583 |a last modification  |c 20110303 00:00:00  |k Rodrigo Vera 
650 0 |a Agricultura  |9 255598 
650 0 |a Grupos sociales  |9 268887 
650 0 |a Desarrollo económico y social   |9 256320 
650 0 |a Globalización  |9 361930 
651 |a Chile  |9 881837 
700 0 |a Romero, Lorena  |e author  |9 555030 
942 |c BK  |2 ddc 
945 |d 20110303 00:00:00  |a dcastane 
952 |0 0  |1 0  |4 0  |6 305_563000000000000_ECH_2009  |7 0  |8 A  |9 441608  |a BIBAGR  |b BIBAGR  |d 2019-11-22  |i 475204K  |o 305.563 ECH 2009  |p 475204K  |r 2025-01-20  |w 2019-11-22  |y BK  |k AGR